|
|
|
|
| LEADER |
00943nam a22002772a 4500 |
| 001 |
001621146 |
| 003 |
CZ BrMZK |
| 005 |
20180523070453.0 |
| 007 |
ta |
| 008 |
180319s1966 ru er|||||||||||rus d |
| 040 |
|
|
|a BOA001
|b cze
|e aacr2
|
| 072 |
|
7 |
|a 543
|x Analytická chemie
|2 Konspekt
|9 10
|
| 080 |
|
|
|a 543.544
|2 MRF
|
| 080 |
|
|
|a (049)
|2 MRF
|
| 100 |
1 |
|
|a Čmutov, Konstantin Vasil'jevič,
|d 1902-1979
|7 xx0178583
|4 aut
|
| 245 |
1 |
0 |
|a Čistyje veščestva i chromatografija /
|c Konstantin Vasil'jevič Čmutov
|
| 260 |
|
|
|a Moskva :
|b Znanije,
|c 1966
|
| 300 |
|
|
|a 30 s.
|
| 490 |
1 |
|
|a Novoje v žizni, nauke, technike ;
|v ser. 11, 1966, nr. 1
|
| 650 |
0 |
7 |
|a chromatografie
|7 ph119209
|2 czenas
|
| 655 |
|
7 |
|a pojednání
|7 fd133056
|2 czenas
|
| 830 |
|
0 |
|a Novoje v žizni, nauke, technike
|
| 910 |
|
|
|a BOA001
|b X-0554.143
|
| 990 |
|
|
|a BK
|
| 991 |
|
|
|b 201803
|
| 996 |
7 |
|
|b 2618928138
|c X-0554.143
|l MZK
|r Sklad / do 24 hodin
|n 0
|w 001656687
|u 000010
|a 1
|e BOA001
|j MZK50
|s A
|